000 nam a22 a 4500
999 _c150214
_d150214
003 BLK
005 20230302094915.0
008 180410b bul|||||r ||||||| ||bul||
010 _aKNG00156528000
040 _aBLK
041 _aBUL
_cBUL
080 _aАнглийска литература
_b821.111
_x-312.4
_z821.111-312.4
100 1 _aЧейс, Джеймс Хадли
_eпърви автор
_9369710
139 _aЧейс, Джеймс Хадли
_bЧ 49
245 1 0 _aЛесни пари
_bРоман
_cДжеймс Хадли Чейс; прев. Валя Савова.
257 _aGBR
260 _aСофия
_bДамян Яков
_c1992
_fВ. Търново : Абагар
_9209515
_n978-954-527-
300 _a208 с.
_c20 см
380 _aX
500 _aОриг. загл. Come Easy - Go Easy / James Hadley Chase.
653 _aкрими
653 _aромани
700 1 _aСавова, Валя
_eпрев.
_9380532
852 _aЦб 169472
_bЦб
856 4 _qpdf
_i0.00
_ldisable
856 4 _qpdf
_i0.00
_ldisable
942 _cKNG
_n0
_01
_s1
944 _aCR
_c12.02.2014
_lф /
_kЛюдмила_Стоянова
944 _aED
_c06.03.2014
_lф /
999 _d150214